[Event "Olympiad-44"]
[Site "Chennai"]
[Date "2022.08.07"]
[Round "9.1"]
[White "Mbongeni, Mabuza"]
[Black "Traore, Bakary"]
[Result "0-1"]
[WhiteElo "1669"]
[BlackElo "2181"]
[PlyCount "116"]
[EventDate "2022.07.29"]
[EventType "team-swiss"]
[EventRounds "11"]
[EventCountry "IND"]
[SourceTitle "CBM 210"]
[Source "ChessBase"]
[SourceDate "2022.10.31"]
[SourceVersion "1"]
[SourceVersionDate "2022.10.31"]
[SourceQuality "1"]
[WhiteTeam "Eswatini"]
[BlackTeam "Mali"]
[WhiteTeamCountry "SWA"]
[BlackTeamCountry "MLI"]

1. d4 Nf6 2. g3 g6 3. Bg2 Bg7 4. Nc3 c5 5. d5 d6 6. e4 a6 7. a4 0-0 8. Nge2 Nbd7 9. 0-0 Rb8 10. a5 b5 11. axb6 Nxb6 12. b3 c4 13. Nd4 Qc7 14. b4 Bb7 15. f4 Rbe8 16. Ra3 e5 17. fxe5 Rxe5 18. Bf4 Ree8 19. Qd2 Nbd7 20. Kh1 Ne5 21. b5 Qc5 22. Raa1 Ra8 23. Be3 Qc7 24. Nc6 axb5 25. Nxb5 Qd7 26. Nbd4 Rxa1 27. Rxa1 Nxc6 28. dxc6 Bxc6 29. Nxc6 Qxc6 30. e5 Ne4 31. Re1 d5 32. Bxe4 dxe4 33. Bd4 Rd8 34. Qe3 Qd5 35. c3 Bxe5 36. Qxe4 Bxd4 37. Qxd5 Rxd5 38. Rd1 Kg7 39. Kg2 Kf6 40. cxd4 Ke6 41. Kf3 Ra5 42. Re1+ Kd6 43. Re3 Rf5+ 44. Ke4 Rb5 45. g4 Rb7 46. Rh3 Re7+ 47. Kf4 Kd5 48. Rxh7 Kxd4 49. Rh8 c3 50. Rd8+ Kc4 51. Rc8+ Kd3 52. Rd8+ Ke2 53. Rc8 Kd2 54. Rd8+ Kc1 55. Rc8 c2 56. Kf3 Re1 57. h4 Kb2 58. Rb8+ Ka3 0-1

[Event "Olympiad-44"]
[Site "Chennai"]
[Date "2022.07.30"]
[Round "2.1"]
[White "Giasi, Viresh"]
[Black "Mbongeni, Mabuza"]
[Result "1-0"]
[WhiteElo "2006"]
[BlackElo "1669"]
[PlyCount "85"]
[EventDate "2022.07.29"]
[EventType "team-swiss"]
[EventRounds "11"]
[EventCountry "IND"]
[SourceTitle "CBM 210"]
[Source "ChessBase"]
[SourceDate "2022.10.31"]
[SourceVersion "1"]
[SourceVersionDate "2022.10.31"]
[SourceQuality "1"]
[WhiteTeam "Surinam"]
[BlackTeam "Eswatini"]
[WhiteTeamCountry "SUR"]
[BlackTeamCountry "SWA"]

1. e4 e5 2. Nf3 Nf6 3. d3 Nc6 4. c3 Be7 5. Be2 0-0 6. 0-0 d5 7. Qc2 Bg4 8. Bg5 dxe4 9. dxe4 Nd7 10. Bxe7 Qxe7 11. Nbd2 Rad8 12. Nc4 Nb6 13. Ne3 Be6 14. b4 f6 15. a4 a5 16. b5 Nb8 17. c4 Nc8 18. c5 b6 19. c6 Nd6 20. Nd2 f5 21. exf5 Nxf5 22. Nxf5 Bxf5 23. Qb3+ Kh8 24. Nc4 Rf6 25. Rad1 Rdf8 26. Ne3 Be4 27. f3 Bg6 28. Nd5 Qc5+ 29. Qe3 Qxe3+ 30. Nxe3 Nxc6 31. bxc6 Rxc6 32. Rd5 Re6 33. Rd7 Be8 34. Rd8 Ref6 35. Ra1 Bc6 36. Rxf8+ Rxf8 37. Bb5 Bb7 38. Rc1 c6 39. Bd3 Rd8 40. Be4 g6 41. Nc4 b5 42. Nxa5 Rb8 43. Nxb7 1-0

[Event "Olympiad-43"]
[Site "Batumi"]
[Date "2018.10.01"]
[Round "7.87"]
[White "Pereira, Eder Marcio"]
[Black "Mbongeni, Mabuza"]
[Result "1/2-1/2"]
[WhiteElo "1781"]
[BlackElo "1560"]
[PlyCount "127"]
[EventDate "2018.09.24"]
[EventType "team-swiss"]
[EventRounds "11"]
[EventCountry "GEO"]
[SourceTitle "CBM 187"]
[Source "ChessBase"]
[SourceDate "2018.12.11"]
[SourceVersion "1"]
[SourceVersionDate "2018.12.11"]
[SourceQuality "1"]
[WhiteTeam "Kap Verde"]
[BlackTeam "Swaziland"]
[WhiteTeamCountry "KAP"]
[BlackTeamCountry "SWA"]

1. d4 f5 2. Bg5 Nf6 3. Bxf6 exf6 4. a3 d5 5. Nc3 c6 6. e3 Bd6 7. Qh5+ g6 8. Qh6 Kf7 9. Bd3 Nd7 10. Nge2 b5 11. 0-0 Nb6 12. b3 Qe7 13. Nf4 Bd7 14. Nb1 a5 15. Re1 Qf8 16. Qxf8+ Rhxf8 17. Ne2 Rfe8 18. Kf1 h5 19. Nd2 b4 20. a4 h4 21. g3 Rh8 22. Kg2 g5 23. f3 Rae8 24. e4 fxe4 25. fxe4 c5 26. Rad1 cxd4 27. Nxd4 hxg3 28. hxg3 Rh3 29. Nf1 Be5 30. Nf5 Bxf5 31. exf5 Rhh8 32. Bb5 Rc8 33. Re2 Rc3 34. Bd3 Nd7 35. Bb5 Nb6 36. Ne3 d4 37. Nf1 Rhc8 38. Rdd2 R8c7 39. Rf2 Ke7 40. Rde2 Nd5 41. Bd3 Kd6 42. Kf3 R3c5 43. Nd2 Nc3 44. Ne4+ Nxe4 45. Rxe4 Rh7 46. Ree2 Rh3 47. Rg2 Rc7 48. Re4 Rch7 49. Ree2 R7h4 50. Re4 Rf4+ 51. Rxf4 gxf4 52. Kg4 Rxg3+ 53. Rxg3 fxg3 54. Kf3 Ke7 55. Be4 Kf7 56. Kg4 Kg7 57. Bg2 Kf7 58. Kf3 Ke7 59. Ke4 Kd6 60. Bf3 Kc5 61. Kd3 Bf4 62. Ke4 Be3 63. Bg2 Kd6 64. Bf3 1/2-1/2